Score 0/14 Timer 02:30
0 Plays Today
Song Title Missing Word % Correct
8 Days a _____Week
96.8%
_____ TripperDay
96.4%
Dance Like there's no _____Tomorrow
89.1%
_____ Train to GeorgiaMidnight
89.1%
Manic _____Monday
84.6%
COMMON BOND:Time
79.7%
_____ Moves Night
78.6%
Song Title Missing Word % Correct
In a ____Minute
66.1%
_____ ChanceSecond
57.4%
100 _____Years
55.9%
Love in the _____Afternoon
54%
_____ Young Forever
53.9%
Happy _____Hour
50.9%
_____ SunSaturday
19%

Today's Daily Dose

Remove Ads.
Support Sporcle.
Get the best of Sporcle when you Go Orange. This ad-free experience offers more features, more stats, and more fun while also helping to support Sporcle. Thank you for becoming a member.

You're not logged in!

Compare scores with friends on all Sporcle quizzes.
OR
Log In

Show Comments

Extras

Top Quizzes Today


Score Distribution

Your Account Isn't Verified!

In order to create a playlist on Sporcle, you need to verify the email address you used during registration. Go to your Sporcle Settings to finish the process.

Report this User

Report this user for behavior that violates our Community Guidelines.

Details: